| 000 | 01652 a2200253 4500 | ||
|---|---|---|---|
| 001 | 43899 | ||
| 005 | 20260407155720.0 | ||
| 008 | 260407a2014 arg spa d | ||
| 003 | AR-UNSa-BCEJYS | ||
| 040 |
_aAR-UNSa-BCEJYS _bspa _cAR-UNSa-BCEJYS |
||
| 080 |
_a330.101.541 _xMacroeconomía |
||
| 245 | 1 | 0 | _aMacroeconomics |
| 020 | _a978-1-292-00045-9 | ||
| 250 | _a5a. ed. | ||
| 264 | 1 |
_aHarlow : _bPearson Education Limited _c2014 |
|
| 300 |
_a718 p. _c23 cm. |
||
| 505 | _a1. Introduction - 2. Measurement - 3. Business cycle measurement - 4. Consumer and Firm Behavior: The Work—Leisure Decision and Profit Maximization - 5. A Closed-Economy One-Period Macroeconomic Model - 6. Search and Unemployment Labor Market Facts - 7. Economic Growth: Malthus and Solow - 8. Income Disparity Among Countries and Endogenous Growth Convergence - 9. A Two-Period Model: The Consumption—Savings Decision and Credit Markets - 10. Credit Market Imperfections: Credit Frictions, Financial Crises, and Social Security - 11. A Real Intertemporal Model with - Investment - 12. Money, Banking, Prices, and Monetary Policy - 13. Business Cycle Models with Flexible Prices and Wages - 14. New Keynesian Economics: Sticky Prices - 15. International Trade in Goods and Assets - 16. Money in the Open Economy - 17. Money, Inflation, and Banking - 18. Inflation, the Phillips Curve, and Central Bank Commitment. | ||
| 041 | _aspa | ||
| 942 | _cBK | ||
| 590 | _aniveau_biblio:m niveau_hierar:0 | ||
| 100 | 1 | _aWilliamson, Stephen D. | |
| 700 | 1 | _aSharma, Anisha | |
| 856 | 4 | 1 |
_uhttps://biblioeco.unsa.edu.ar/pmb/images/libros/L126835.jpg _yImagen de portada _qimage/jpeg |
| 999 |
_c3752 _d3752 |
||